Η ατμοσφαιρική ρύπανση στην Αθήνα έκθεση 2004

Saved in:
Bibliographic Details
Corporate Author: Ελλάς Υπουργείο Περιβάλλοντος Χωροταξίας και Δημοσίων Έργων Τμήμα Ποιότητας Ατμόσφαιρας
Format: Electronic
Language:Greek
Published: [Αθήνα] : ΥΠΕΧΩΔΕ, 2004
Subjects:
Tags: Add Tag
No Tags, Be the first to tag this record!

MARC

LEADER 00000cmm a2200000 i 4500
001 1/41340
008 070220s2004 gr gre d
035 |l 10087059 
040 |a GR-MY-UA  |b gre  |e aacr 
041 0 |a gre 
082 0 |a 363.73920949512  |2 (22η εκδ.) 
110 1 |a Ελλάς  |b Υπουργείο Περιβάλλοντος Χωροταξίας και Δημοσίων Έργων  |b Τμήμα Ποιότητας Ατμόσφαιρας. 
245 1 2 |a Η ατμοσφαιρική ρύπανση στην Αθήνα  |h [αρχείο Η/Υ] :  |b έκθεση 2004 /  |c ΥΠΕΧΩΔΕ Γεν. Δ/νση Περιβάλλοντος Δ/νση ΕΑΡΘ. Τμήμα Ποιότητας Ατμόσφαιρας 
260 |a [Αθήνα] :   |b ΥΠΕΧΩΔΕ,   |c 2004 
300 |a 1 οπτική δισκέτα λέϊζερ Η/Υ;  |c 4 3/4 ιν. 
500 |a Έκθεση 
650 0 0 |a Air  |x Pollution  |z Greece  |z Athens. 
852 |a INST  |b LESVOS  |c AV  |e 20070220  |h 363.73920949512 ΥΠΕ  |p 005100036871  |q 005100036871  |t CDROM  |y 23 
901 |a BIBL1-2007-1 
909 |a Λ  |b 132173 
970 |a ΚΑΡΑ  |b ΓΙΑΣΕΜΗ  |z 2007/02/20